[Event "EU-chT Seniors 12th"]
[Site "Dresden"]
[Date "2010.02.10"]
[Round "1"]
[White "Clemens, Christian"]
[Black "Feller, Joseph"]
[Result "1-0"]
[WhiteElo "2314"]
[BlackElo "2212"]
[PlyCount "122"]
[EventDate "2010.02.10"]
[EventType "team-swiss"]
[EventRounds "9"]
[EventCountry "GER"]
[SourceTitle "CBM 134 Extra"]
[Source "ChessBase"]
[SourceDate "2010.03.03"]
[SourceVersion "1"]
[SourceVersionDate "2010.03.03"]
[SourceQuality "1"]
[WhiteTeam "Germany (Seniors)"]
[BlackTeam "Luxembourg (Seniors)"]
[WhiteTeamCountry "GER"]
[BlackTeamCountry "LUX"]

1. g3 d5 2. Nf3 c6 3. Bg2 Bg4 4. c4 dxc4 5. Na3 Nd7 6. Nxc4 Ngf6 7. d4 e6 8. Qb3 Nb6 9. Nfe5 Nxc4 10. Qxc4 Bf5 11. Nxc6 Rc8 12. Nxd8 Rxc4 13. Nxb7 Bb4+ 14. Kf1 Rxd4 15. Be3 Rc4 16. a3 Be7 17. Na5 Rc7 18. Nc6 Nd5 19. Bxd5 exd5 20. Nxe7 Bh3+ 21. Ke1 Kxe7 22. b4 Bd7 23. Bc5+ Ke6 24. Kd2 Bb5 25. Rhe1 f5 26. f3 Rd7 27. e3 Rc8 28. Kc3 a6 29. Kd4 g6 30. Ra2 Ba4 31. Rg2 h5 32. h3 Rf7 33. Reg1 Bc6 34. h4 Rh8 35. Rh2 Rfh7 36. Rc1 Rc8 37. Bb6 Rb7 38. Ba5 Kd6 39. Rhc2 Rb5 40. a4 Rbb8 41. Rc5 Kd7 42. R1c3 Rb7 43. Rc2 Rbb8 44. Rc1 Rb7 45. Rg1 Re8 46. Rb1 Reb8 47. Rb3 Bxa4 48. Rbc3 Bb5 49. Kxd5 Ke7 50. Bc7 Re8 51. f4 Kf7 52. Bd6 Rd7 53. Rc7 Red8 54. Rxd7+ Rxd7 55. Rc8 Ba4 56. Kc5 Bb5 57. Rh8 Ke6 58. Rh6 Kf7 59. Be5 Rd8 60. Rh7+ Ke6 61. Rg7 Be8 1-0

[Event "Wch Seniors 19th"]
[Site "Condino"]
[Date "2009.11.06"]
[Round "10"]
[White "Feller, Joseph"]
[Black "Wittmann, Walter"]
[Result "1/2-1/2"]
[WhiteElo "2196"]
[BlackElo "2291"]
[PlyCount "50"]
[EventDate "2009.10.27"]
[EventType "swiss"]
[EventRounds "11"]
[EventCountry "ITA"]
[SourceTitle "EXT 2010"]
[Source "ChessBase"]
[SourceDate "2010.11.25"]
[SourceVersion "1"]
[SourceVersionDate "2010.11.25"]
[SourceQuality "1"]

1. e4 c5 2. c3 d5 3. exd5 Qxd5 4. d4 Nf6 5. Nf3 Nc6 6. Be3 e5 7. c4 Qd6 8. dxe5 Qxd1+ 9. Kxd1 Ng4 10. h3 Nxe3+ 11. fxe3 Bf5 12. Nc3 0-0-0+ 13. Kc1 Re8 14. Kd2 Nxe5 15. Nxe5 Rxe5 16. Bd3 Be6 17. Rhf1 Be7 18. Rf3 Rd8 19. Ke2 f5 20. Raf1 g6 21. b3 Rd7 22. Bc2 a6 23. Rd1 Rxd1 24. Kxd1 Kd7 25. e4 fxe4 1/2-1/2

[Event "Wch Seniors 19th"]
[Site "Condino"]
[Date "2009.11.03"]
[Round "7"]
[White "Busu, Corneliu"]
[Black "Feller, Joseph"]
[Result "1/2-1/2"]
[WhiteElo "2320"]
[BlackElo "2196"]
[PlyCount "47"]
[EventDate "2009.10.27"]
[EventType "swiss"]
[EventRounds "11"]
[EventCountry "ITA"]
[SourceTitle "EXT 2010"]
[Source "ChessBase"]
[SourceDate "2010.11.25"]
[SourceVersion "1"]
[SourceVersionDate "2010.11.25"]
[SourceQuality "1"]

1. d4 d5 2. c4 dxc4 3. e3 e5 4. Bxc4 Nc6 5. Qb3 Nh6 6. Nf3 e4 7. Nfd2 f5 8. 0-0 Bd6 9. g3 Bd7 10. Qd1 Ng4 11. Nc3 h5 12. Be2 Qg5 13. Nc4 0-0-0 14. Nxd6+ cxd6 15. h4 Qh6 16. Kg2 Ne7 17. Rh1 Nf6 18. f4 exf3+ 19. Bxf3 Qg6 20. Ne2 Ne4 21. Qe1 Bc6 22. b4 Nd5 23. a4 Kb8 24. b5 1/2-1/2

[Event "Wch Seniors 19th"]
[Site "Condino"]
[Date "2009.10.28"]
[Round "2"]
[White "Feller, Joseph"]
[Black "Kaufman, Larry C"]
[Result "0-1"]
[WhiteElo "2196"]
[BlackElo "2401"]
[PlyCount "27"]
[EventDate "2009.10.27"]
[EventType "swiss"]
[EventRounds "11"]
[EventCountry "ITA"]
[SourceTitle "EXT 2010"]
[Source "ChessBase"]
[SourceDate "2010.11.25"]
[SourceVersion "1"]
[SourceVersionDate "2010.11.25"]
[SourceQuality "1"]

1. e4 c5 2. b4 cxb4 3. a3 e5 4. axb4 Nf6 5. Bc4 Bxb4 6. Nf3 Nxe4 7. Qe2 d5 8. Bb5+ Nd7 9. Nxe5 0-0 10. Nxd7 Bxd7 11. 0-0 Re8 12. Bxd7 Qxd7 13. Qd3 Bc5 14. g3 0-1

[Event "EU-chT Seniors 11th"]
[Site "Velden"]
[Date "2009.04.13"]
[Round "9"]
[White "Gallob, Josef"]
[Black "Feller, Joseph"]
[Result "1/2-1/2"]
[WhiteElo "1938"]
[BlackElo "2214"]
[PlyCount "79"]
[EventDate "2009.04.05"]
[EventType "team-swiss"]
[EventRounds "9"]
[EventCountry "AUT"]
[SourceTitle "CBM 129 Extra"]
[Source "ChessBase"]
[SourceDate "2009.05.05"]
[SourceVersion "2"]
[SourceVersionDate "2009.05.20"]
[SourceQuality "1"]

1. Nf3 d5 2. d4 Nf6 3. Bf4 c5 4. e3 Nc6 5. c3 Qb6 6. Qc2 Bf5 7. dxc5 Bxc2 8. cxb6 axb6 9. Na3 Bg6 10. Nb5 Kd7 11. Be2 e6 12. 0-0 Ne8 13. Ne5+ Nxe5 14. Bxe5 f6 15. Bg3 Bd6 16. Bxd6 Nxd6 17. Nxd6 Kxd6 18. c4 Rhc8 19. Rfd1 Bf7 20. Rd2 Ke7 21. cxd5 exd5 22. Bf3 Rc5 23. a3 f5 24. Rad1 Rac8 25. g3 Kd6 26. Kg2 g5 27. h3 Rc1 28. Rxc1 Rxc1 29. g4 fxg4 30. hxg4 Ke5 31. Rd4 b5 32. Rb4 Be8 33. Be2 Rc5 34. Kg3 Bc6 35. f4+ Kf6 36. Bd3 h6 37. Kf2 Ke7 38. f5 Kf6 39. e4 dxe4 40. Bxe4 1/2-1/2

[Event "EU-chT Seniors 11th"]
[Site "Velden"]
[Date "2009.04.11"]
[Round "7"]
[White "Swoboda, Peter"]
[Black "Feller, Joseph"]
[Result "0-1"]
[WhiteElo "2021"]
[BlackElo "2214"]
[PlyCount "52"]
[EventDate "2009.04.05"]
[EventType "team-swiss"]
[EventRounds "9"]
[EventCountry "AUT"]
[SourceTitle "CBM 129 Extra"]
[Source "ChessBase"]
[SourceDate "2009.05.05"]
[SourceVersion "2"]
[SourceVersionDate "2009.05.20"]
[SourceQuality "1"]

1. d4 d5 2. c4 dxc4 3. e3 e5 4. Bxc4 Nc6 5. d5 Nce7 6. Nc3 Nf5 7. Nge2 Nd6 8. Qb3 Nxc4 9. Qxc4 Bd6 10. 0-0 Ne7 11. e4 Ng6 12. h3 0-0 13. Nb5 f5 14. exf5 Bxf5 15. Ng3 a6 16. Nxd6 cxd6 17. Qb3 Qd7 18. Be3 Bxh3 19. Kh2 Bg4 20. Rac1 Qe7 21. Rc4 Nf4 22. Rh1 Rac8 23. Kg1 Rxc4 24. Qxc4 Qf7 25. Rh4 h5 26. Nxh5 Bxh5 0-1

[Event "EU-chT Seniors 10th"]
[Site "Dresden"]
[Date "2008.02.19"]
[Round "9.1"]
[White "Lomer, Edmund"]
[Black "Feller, Joseph"]
[Result "0-1"]
[WhiteElo "2119"]
[BlackElo "2195"]
[PlyCount "150"]
[EventDate "2008.02.11"]
[EventType "team-swiss"]
[EventRounds "9"]
[EventCountry "GER"]
[SourceTitle "CBM 122 Extra"]
[Source "ChessBase"]
[SourceDate "2008.03.04"]
[SourceVersion "1"]
[SourceVersionDate "2008.03.04"]
[SourceQuality "1"]
[WhiteTeam "Schleswig Holstein"]
[BlackTeam "Luxembourg (Seniors)"]
[WhiteTeamCountry "GER"]
[BlackTeamCountry "LUX"]

1. Nf3 d5 2. g3 c6 3. Bg2 Bg4 4. d4 Nd7 5. Nbd2 Ngf6 6. 0-0 e6 7. c4 Be7 8. Qc2 Bf5 9. Qb3 Qb6 10. cxd5 cxd5 11. Nh4 Qxb3 12. Nxb3 Bc2 13. Na5 b6 14. Nc6 Bd6 15. Bf4 Bxf4 16. gxf4 Nh5 17. Rac1 Ba4 18. e3 0-0 19. f5 Rfe8 20. fxe6 fxe6 21. Nf3 Bb5 22. Rfe1 Kf7 23. Nfe5+ Nxe5 24. Nxe5+ Kf8 25. Rc7 Re7 26. Rec1 Rae8 27. Bh3 Nf6 28. f3 Bc4 29. Rxe7 Rxe7 30. Nxc4 Rc7 31. Rc2 dxc4 32. Bxe6 b5 33. a4 a6 34. axb5 axb5 35. Kf2 Ke7 36. Bh3 Nd5 37. Bf1 Nb4 38. Rc3 Ra7 39. Ra3 Rxa3 40. bxa3 Nc2 41. a4 c3 42. axb5 Nxd4 43. Bd3 c2 44. Bxc2 Nxc2 45. f4 Kd6 46. e4 Kc5 47. e5 Kxb5 48. Kf3 Kc6 49. Ke4 Kd7 50. f5 Ke7 51. h4 Nb4 52. Kd4 Kf7 53. Kc5 Nd3+ 54. Kd6 Ke8 55. Ke6 Nf4+ 56. Kd6 Ng2 57. h5 h6 58. f6 gxf6 59. exf6 Kf7 60. Ke5 Ne3 61. Kf4 Nd5+ 62. Kg4 Nxf6+ 63. Kh4 Ke6 64. Kh3 Nxh5 65. Kg4 Ng7 66. Kh4 Kf6 67. Kg4 Kg6 68. Kh4 h5 69. Kg3 Kg5 70. Kh3 h4 71. Kg2 Kg4 72. Kh2 h3 73. Kh1 Kg3 74. Kg1 Ne8 75. Kh1 Nf6 0-1

[Event "Wch Seniors 17th"]
[Site "Gmunden"]
[Date "2007.09.26"]
[Round "9"]
[White "Feller, Joseph"]
[Black "Schmidt, Gerhard3333"]
[Result "1/2-1/2"]
[WhiteElo "2169"]
[BlackElo "2256"]
[PlyCount "63"]
[EventDate "2007.09.17"]
[EventType "swiss"]
[EventRounds "11"]
[EventCountry "AUT"]
[SourceTitle "CBM 120 Extra"]
[Source "ChessBase"]
[SourceDate "2007.11.01"]
[SourceVersion "1"]
[SourceVersionDate "2007.11.01"]
[SourceQuality "1"]

1. e4 c5 2. b4 cxb4 3. a3 d5 4. exd5 Qxd5 5. Nf3 e5 6. axb4 Bxb4 7. c3 Bd6 8. Na3 Bxa3 9. Bxa3 Nc6 10. Be2 Nge7 11. d4 exd4 12. cxd4 0-0 13. 0-0 Rd8 14. Qc1 Be6 15. Rd1 Nf5 16. Bb2 a6 17. Qf4 Qd6 18. Qd2 Bd5 19. Ne5 Bb3 20. Nxc6 bxc6 21. Rdb1 Bd5 22. Qg5 Qg6 23. Qxg6 hxg6 24. Bc3 a5 25. g4 Nh4 26. Rxa5 Rxa5 27. Bxa5 Re8 28. Bd1 Ra8 29. Bd2 f6 30. Bf4 g5 31. Rb8+ Rxb8 32. Bxb8 1/2-1/2

[Event "EU-ch Seniors 07th"]
[Site "Hockenheim"]
[Date "2007.06.05"]
[Round "4"]
[White "Feller, Joseph"]
[Black "Ljubarskij, Jurij"]
[Result "0-1"]
[WhiteElo "2174"]
[BlackElo "2301"]
[PlyCount "134"]
[EventDate "2007.06.02"]
[EventType "swiss"]
[EventRounds "9"]
[EventCountry "GER"]
[SourceTitle "CBM 118 Extra"]
[Source "ChessBase"]
[SourceDate "2007.07.04"]
[SourceVersion "1"]
[SourceVersionDate "2007.07.04"]
[SourceQuality "1"]

1. e4 e5 2. Nf3 Nc6 3. Nc3 Nf6 4. d4 exd4 5. Nd5 Nb4 6. Bc4 Nbxd5 7. exd5 Qe7+ 8. Qe2 Qxe2+ 9. Kxe2 c5 10. dxc6 dxc6 11. Nxd4 Bc5 12. c3 0-0 13. h3 Bxd4 14. cxd4 Be6 15. Bxe6 Rfe8 16. Be3 Rxe6 17. a3 Nd5 18. Rhe1 Rae8 19. Kd2 Re4 20. g3 f5 21. Kd3 Kf7 22. Bd2 h6 23. f3 Rxe1 24. Rxe1 Rxe1 25. Bxe1 Ke6 26. Bd2 Nb6 27. Bf4 Kd5 28. Be5 g6 29. Bg7 h5 30. b3 Nd7 31. Ke3 a5 32. Kf4 Ke6 33. Ke3 b5 34. Kd3 Kd5 35. Bh6 c5 36. dxc5 Nxc5+ 37. Kc3 Nd7 38. Kd3 Ne5+ 39. Ke3 a4 40. bxa4 bxa4 41. Bf8 Nc4+ 42. Kf4 Ke6 43. Kg5 Kf7 44. Bb4 Nb6 45. Bc5 Nd5 46. Bd6 Nf6 47. Bc5 Ne8 48. Bb4 Nc7 49. Kh6 Ne6 50. g4 hxg4 51. hxg4 Nd4 52. gxf5 gxf5 53. Kg5 Ke6 54. Kf4 Nc6 55. Bf8 Ne5 56. Ke3 Kd5 57. f4 Ng6 58. Bb4 Kc4 59. Bd6 Nh8 60. Bb4 Nf7 61. Be7 Nh6 62. Bh4 Ng4+ 63. Kf3 Kd3 64. Be7 Ne3 65. Kg3 Ke4 66. Bb4 Nc2 67. Bd6 Nd4 0-1

[Event "EU-ch Seniors 06th"]
[Site "Davos"]
[Date "2006.08.12"]
[Round "8"]
[White "Arkhangelsky, Boris Nikolaevich"]
[Black "Feller, Joseph"]
[Result "1/2-1/2"]
[WhiteElo "2395"]
[BlackElo "2135"]
[PlyCount "66"]
[EventDate "2006.08.05"]
[EventType "swiss"]
[EventRounds "9"]
[EventCountry "SUI"]
[SourceTitle "CBM 113 Extra"]
[Source "ChessBase"]
[SourceDate "2006.09.14"]
[SourceVersion "1"]
[SourceVersionDate "2006.09.14"]
[SourceQuality "1"]

1. d4 d5 2. Nf3 Nf6 3. c4 dxc4 4. e3 Bg4 5. Bxc4 e6 6. h3 Bh5 7. 0-0 Nbd7 8. Be2 Bd6 9. Nc3 0-0 10. Qb3 Rb8 11. Rd1 Qe7 12. Nb5 a6 13. Nxd6 cxd6 14. Bd2 Rfc8 15. Bb4 Nd5 16. Rac1 Nxb4 17. Qxb4 Nf6 18. Rc4 Nd5 19. Qb3 Qd7 20. Rdc1 b5 21. Rxc8+ Rxc8 22. Qd1 Bxf3 23. Bxf3 Nb6 24. Rc2 g6 25. Qc1 Rxc2 26. Qxc2 d5 27. h4 h5 28. g3 Kg7 29. Kf1 Kf6 30. Ke2 Qd6 31. Kf1 Qb4 32. b3 Qd6 33. Be2 Kg7 1/2-1/2

[Event "EU-ch Seniors 06th"]
[Site "Davos"]
[Date "2006.08.11"]
[Round "7"]
[White "Uhlmann, Wolfgang"]
[Black "Feller, Joseph"]
[Result "1-0"]
[WhiteElo "2413"]
[BlackElo "2135"]
[PlyCount "81"]
[EventDate "2006.08.05"]
[EventType "swiss"]
[EventRounds "9"]
[EventCountry "SUI"]
[SourceTitle "CBM 113 Extra"]
[Source "ChessBase"]
[SourceDate "2006.09.14"]
[SourceVersion "1"]
[SourceVersionDate "2006.09.14"]
[SourceQuality "1"]

1. c4 e5 2. Nc3 Nf6 3. Nf3 Nc6 4. g3 d5 5. cxd5 Nxd5 6. Bg2 Nb6 7. a3 Be7 8. b4 Be6 9. Rb1 a6 10. 0-0 0-0 11. d3 Qc8 12. Bd2 Bh3 13. a4 Bxg2 14. Kxg2 f6 15. a5 Nd7 16. Nd5 Bd6 17. Qb3 Kh8 18. b5 Ne7 19. bxa6 bxa6 20. Nxe7 Bxe7 21. Qc4 Bd6 22. Rfc1 Rb8 23. Rxb8 Nxb8 24. Bb4 Qb7 25. Bxd6 cxd6 26. Qc7 Qxc7 27. Rxc7 Kg8 28. Nd2 Rf7 29. Rc8+ Rf8 30. Rc2 Rd8 31. Rc7 Kf8 32. Nc4 d5 33. Nb6 d4 34. f4 exf4 35. gxf4 h6 36. Kf3 f5 37. Nc4 Nd7 38. Nd6 Nf6 39. Nxf5 Rd5 40. Nxg7 Rxa5 41. Ne6+ 1-0

[Event "EU-ch Seniors 06th"]
[Site "Davos"]
[Date "2006.08.06"]
[Round "2"]
[White "Khanukov, Boris"]
[Black "Feller, Joseph"]
[Result "1/2-1/2"]
[WhiteElo "2357"]
[BlackElo "2135"]
[PlyCount "146"]
[EventDate "2006.08.05"]
[EventType "swiss"]
[EventRounds "9"]
[EventCountry "SUI"]
[SourceTitle "CBM 113 Extra"]
[Source "ChessBase"]
[SourceDate "2006.09.14"]
[SourceVersion "1"]
[SourceVersionDate "2006.09.14"]
[SourceQuality "1"]

1. d4 d5 2. c4 dxc4 3. Nf3 Nf6 4. Nc3 Nc6 5. e3 Bg4 6. Bxc4 e6 7. h3 Bh5 8. Bb5 Bb4 9. a3 Bxc3+ 10. bxc3 0-0 11. 0-0 Ne4 12. Bb2 Bxf3 13. Qxf3 Nd2 14. Qg3 Nxf1 15. Rxf1 Qd6 16. f4 Ne7 17. Bd3 f5 18. c4 Rf7 19. Qf3 c5 20. g4 cxd4 21. exd4 Rd8 22. Qe3 b6 23. Bc2 Nc6 24. gxf5 exf5 25. d5 Na5 26. Bd3 Rc8 27. Rc1 Nb3 28. Re1 Qc5 29. Kf2 Qxe3+ 30. Kxe3 Nc5 31. Be5 g6 32. Bc2 Re7 33. Kd4 Kf7 34. h4 h5 35. Rb1 Rd7 36. a4 Nb7 37. Bd3 Rc5 38. Be2 Rd8 39. Rb4 Na5 40. Ke3 Rdc8 41. Kd4 Nb7 42. Rb5 Rxb5 43. axb5 Ke7 44. Bf1 Nd6 45. Be2 Ra8 46. Kc3 Kd7 47. Bd4 Ne4+ 48. Kb4 Re8 49. Be5 Nc5 50. Kc3 a6 51. bxa6 Ra8 52. Bd4 Rxa6 53. Kb2 Ra4 54. Bf1 Kc8 55. Be2 Ra7 56. Be5 Kd8 57. Bf6+ Ke8 58. Be5 Kf7 59. Bf1 Ra8 60. Bg2 Ra4 61. d6 Ne4 62. Bf1 Ke6 63. Kb3 Ra7 64. Bg2 Nxd6 65. Bd5+ Ke7 66. Bd4 Ra6 67. Bc6 Ke6 68. Be5 Ne4 69. Be8 Nc5+ 70. Kb4 Nd3+ 71. Kb5 Nxe5 72. Kxa6 Nxc4 73. Bxg6 Nb2 1/2-1/2

[Event "Alpenpokal op 28th"]
[Site "Oberstdorf"]
[Date "2002.??.??"]
[Round "6"]
[White "Feller, Joseph"]
[Black "Macher, Claus"]
[Result "1/2-1/2"]
[WhiteElo "2209"]
[BlackElo "1903"]
[PlyCount "115"]
[EventDate "2002.01.12"]
[EventType "swiss"]
[EventRounds "9"]
[EventCountry "GER"]
[SourceTitle "EXT 2003"]
[Source "ChessBase"]
[SourceDate "2002.11.25"]
[SourceVersion "1"]
[SourceVersionDate "2002.11.25"]
[SourceQuality "1"]

1. e4 c5 2. b4 cxb4 3. a3 d5 4. exd5 Qxd5 5. Nf3 Bg4 6. Be2 e6 7. 0-0 Nf6 8. Bb2 Qd8 9. Ne5 Bxe2 10. Qxe2 a6 11. Re1 Be7 12. axb4 Bxb4 13. Ra4 Be7 14. Nc3 0-0 15. Ne4 Nd5 16. Ng3 Nd7 17. Nxd7 Qxd7 18. Rg4 g6 19. c4 f5 20. Rd4 Bf6 21. cxd5 Bxd4 22. Bxd4 Qxd5 23. Qe5 Qxe5 24. Rxe5 Kf7 25. h4 Rfd8 26. Bc3 Rd5 27. Re1 a5 28. Ne2 b5 29. Ra1 a4 30. Nf4 Rc5 31. Nd3 Rd5 32. Nb4 Rc5 33. f4 Rc4 34. g3 Rac8 35. Kf2 R8c7 36. Nd3 Ke8 37. Rb1 Rb7 38. Ne5 Rc8 39. Ke2 Ke7 40. h5 gxh5 41. Bb4+ Ke8 42. Rh1 Ra8 43. Ra1 Rc8 44. Nd3 Rc4 45. Rb1 Rc6 46. Nc5 Rg7 47. Kf2 Rgc7 48. d4 Kf7 49. Rh1 Kg6 50. Nd3 Rc2+ 51. Ke3 Ra2 52. Ne5+ Kg7 53. Kf3 Rcc2 54. Rxh5 h6 55. d5 Rf2+ 56. Ke3 exd5 57. Rxf5 Rfb2 58. Rf7+ 1/2-1/2

[Event "Budapest FS09 IM-A"]
[Site "Budapest"]
[Date "2001.09.10"]
[Round "10"]
[White "Feller, Joseph"]
[Black "Nemeth, Zoltan"]
[Result "1/2-1/2"]
[WhiteElo "2209"]
[BlackElo "2328"]
[PlyCount "165"]
[EventDate "2001.09.01"]
[EventType "tourn"]
[EventRounds "11"]
[EventCountry "HUN"]
[EventCategory "1"]
[SourceTitle "CBM 084 Extra"]
[Source "ChessBase"]
[SourceDate "2001.10.26"]
[SourceVersion "1"]
[SourceVersionDate "2001.10.26"]
[SourceQuality "1"]

1. e4 c5 2. g3 d5 3. exd5 Qxd5 4. Qf3 Nf6 5. Bg2 Qxf3 6. Nxf3 Nc6 7. 0-0 e6 8. Na3 Bd7 9. d3 Be7 10. Nc4 0-0 11. Nce5 Rfd8 12. Nxd7 Rxd7 13. Bf4 Nd5 14. Ne5 Nxe5 15. Bxe5 Bf6 16. Bxf6 Nxf6 17. Rfe1 Rc8 18. b3 b6 19. a4 a5 20. Re2 Ne8 21. Rae1 g6 22. f4 h5 23. Kf2 Nd6 24. Bh3 Kg7 25. Re5 Rcd8 26. R5e2 Rc7 27. Re5 Nc8 28. R5e2 Ne7 29. Kg1 Nc6 30. Bg2 Nd4 31. Rf2 Rd6 32. Bf3 Re7 33. Kg2 Re8 34. h3 Rh8 35. g4 hxg4 36. hxg4 g5 37. fxg5 Nxf3 38. Rxf3 Rd5 39. Ref1 Rf8 40. g6 Kxg6 41. Rf6+ Kg7 42. Kg3 Rg5 43. Kh4 Rg6 44. Rxg6+ Kxg6 45. Rf4 Rh8+ 46. Kg3 Rh1 47. Rf2 Rg1+ 48. Kf4 f6 49. Rh2 Rc1 50. Kg3 f5 51. gxf5+ exf5 52. Kf3 Kg5 53. Rg2+ Kf6 54. Re2 Rh1 55. Kg2 Rh7 56. Kf3 Rh4 57. Re8 Rh2 58. Rb8 Rxc2 59. Rxb6+ Ke5 60. Rb5 Rc3 61. Rxa5 Rxd3+ 62. Ke2 Rxb3 63. Rxc5+ Kf4 64. a5 Ra3 65. a6 Rxa6 66. Rc3 Kg4 67. Kf2 Ra2+ 68. Kf1 Kf4 69. Rb3 Ke4 70. Rc3 Rd2 71. Ra3 Kf4 72. Rb3 Kg4 73. Ra3 Rh2 74. Rb3 Rd2 75. Ra3 Rd4 76. Rb3 Kf4 77. Ra3 Re4 78. Kf2 Rd4 79. Rb3 Rd2+ 80. Kf1 Rh2 81. Ra3 Kg4 82. Rb3 Rh3 83. Rxh3 1/2-1/2

[Event "Budapest FS09 IM-A"]
[Site "Budapest"]
[Date "2001.09.09"]
[Round "9"]
[White "Feller, Joseph"]
[Black "Sinkovics, Peter"]
[Result "0-1"]
[WhiteElo "2209"]
[BlackElo "2301"]
[PlyCount "50"]
[EventDate "2001.09.01"]
[EventType "tourn"]
[EventRounds "11"]
[EventCountry "HUN"]
[EventCategory "1"]
[SourceTitle "CBM 084 Extra"]
[Source "ChessBase"]
[SourceDate "2001.10.26"]
[SourceVersion "1"]
[SourceVersionDate "2001.10.26"]
[SourceQuality "1"]

1. e4 e5 2. Nf3 Nc6 3. Bb5 Nf6 4. d4 exd4 5. 0-0 Be7 6. e5 Ne4 7. Qe2 Nc5 8. Rd1 0-0 9. Nxd4 Nxd4 10. Rxd4 d5 11. Rd1 Bf5 12. Be3 c6 13. Bxc5 Bxc5 14. Bd3 Qg5 15. Bxf5 Qxf5 16. Nd2 Rae8 17. Nf3 f6 18. c4 fxe5 19. cxd5 e4 20. Nd4 Bxd4 21. Rxd4 cxd5 22. Rad1 Re5 23. f3 exf3 24. Qxf3 Qc2 25. Qg3 Rg5 0-1

[Event "Budapest FS09 IM-A"]
[Site "Budapest"]
[Date "2001.09.07"]
[Round "7"]
[White "Feller, Joseph"]
[Black "Boros, Denes"]
[Result "1/2-1/2"]
[WhiteElo "2209"]
[BlackElo "2198"]
[PlyCount "33"]
[EventDate "2001.09.01"]
[EventType "tourn"]
[EventRounds "11"]
[EventCountry "HUN"]
[EventCategory "1"]
[SourceTitle "CBM 084 Extra"]
[Source "ChessBase"]
[SourceDate "2001.10.26"]
[SourceVersion "1"]
[SourceVersionDate "2001.10.26"]
[SourceQuality "1"]

1. e4 c5 2. g3 d5 3. exd5 Qxd5 4. Qf3 Qxf3 5. Nxf3 Nf6 6. Bg2 Nc6 7. 0-0 e6 8. d3 Be7 9. a3 0-0 10. Nc3 Bd7 11. Be3 Rac8 12. Rfe1 Rfd8 13. h3 Be8 14. Rac1 b6 15. Bf4 Nd5 16. Nxd5 Rxd5 17. Ne5 1/2-1/2

[Event "Budapest FS09 IM-A"]
[Site "Budapest"]
[Date "2001.09.03"]
[Round "3"]
[White "Feller, Joseph"]
[Black "Gazic, Josip"]
[Result "0-1"]
[WhiteElo "2209"]
[BlackElo "2215"]
[PlyCount "62"]
[EventDate "2001.09.01"]
[EventType "tourn"]
[EventRounds "11"]
[EventCountry "HUN"]
[EventCategory "1"]
[SourceTitle "CBM 084 Extra"]
[Source "ChessBase"]
[SourceDate "2001.10.26"]
[SourceVersion "1"]
[SourceVersionDate "2001.10.26"]
[SourceQuality "1"]

1. e4 e6 2. d4 Nf6 3. Bd3 c5 4. c3 b6 5. Qe2 Bb7 6. Nf3 Nc6 7. d5 Ne7 8. c4 d6 9. Nc3 e5 10. 0-0 h6 11. h3 g5 12. h4 Ng6 13. hxg5 Nh5 14. g3 Bc8 15. Qd1 hxg5 16. Bxg5 f6 17. Bd2 Qe7 18. Re1 Qh7 19. Kf1 Bg4 20. Qa4+ Kd8 21. Ng1 Nxg3+ 22. fxg3 Qh1 23. Be3 Rh2 24. Re2 Bxe2+ 25. Ncxe2 Ne7 26. Ke1 f5 27. exf5 e4 28. Nf4 Nxf5 29. Ne6+ Ke7 30. Bg5+ Kf7 31. Qd7+ Kg8 0-1

[Event "Budapest FS09 IM-A"]
[Site "Budapest"]
[Date "2001.09.01"]
[Round "1"]
[White "Feller, Joseph"]
[Black "Hajnal, Zoltan"]
[Result "0-1"]
[WhiteElo "2209"]
[BlackElo "2355"]
[PlyCount "78"]
[EventDate "2001.09.01"]
[EventType "tourn"]
[EventRounds "11"]
[EventCountry "HUN"]
[EventCategory "1"]
[SourceTitle "CBM 084 Extra"]
[Source "ChessBase"]
[SourceDate "2001.10.26"]
[SourceVersion "1"]
[SourceVersionDate "2001.10.26"]
[SourceQuality "1"]

1. e4 e5 2. Nf3 Nc6 3. Bb5 a6 4. Ba4 Nf6 5. d4 exd4 6. 0-0 Be7 7. e5 Ne4 8. Nxd4 Nxd4 9. Qxd4 Nc5 10. Nc3 0-0 11. Bg5 Bxg5 12. Qxc5 Be7 13. Qe3 d5 14. Rad1 c6 15. Bb3 Qa5 16. Kh1 Re8 17. f4 Bf5 18. Ne2 Rad8 19. c3 Bf8 20. Ng3 Bc8 21. Qc1 g6 22. a3 Bg7 23. c4 Bg4 24. Rde1 d4 25. Ne4 d3 26. Qd2 Qxd2 27. Nxd2 f6 28. c5+ Kh8 29. Ne4 fxe5 30. Nd6 Rxd6 31. cxd6 e4 32. f5 Bxf5 33. h3 h5 34. g4 hxg4 35. hxg4 Bxg4 36. Bf7 Re5 37. Bxg6 d2 38. d7 Rd5 39. Rxe4 Bf3+ 0-1

[Event "Fourmies op 25th"]
[Site "Fourmies"]
[Date "2001.06.02"]
[Round "1"]
[White "Israel, Gregory"]
[Black "Feller, Joseph"]
[Result "1-0"]
[WhiteElo "2021"]
[BlackElo "2209"]
[PlyCount "111"]
[EventDate "2001.06.02"]
[EventType "swiss"]
[EventRounds "7"]
[EventCountry "FRA"]
[SourceTitle "EXT 2002"]
[Source "ChessBase"]
[SourceDate "2001.11.25"]
[SourceVersion "1"]
[SourceVersionDate "2001.11.25"]
[SourceQuality "1"]

1. d4 d5 2. c4 dxc4 3. e3 c5 4. Bxc4 e6 5. Nf3 Nf6 6. 0-0 a6 7. a4 Nc6 8. Qe2 cxd4 9. Rd1 Be7 10. exd4 0-0 11. Nc3 Nb4 12. Ne5 b6 13. Bg5 Nfd5 14. Bxd5 exd5 15. Bxe7 Qxe7 16. Nd3 Qxe2 17. Nxe2 Nxd3 18. Rxd3 Be6 19. Rc1 Rac8 20. Rdc3 Rxc3 21. Rxc3 Rc8 22. Rxc8+ Bxc8 23. b4 Kf8 24. f3 Ke7 25. Kf2 Kd6 26. Ke3 Bf5 27. g4 Bc2 28. Nc3 Bb3 29. h4 Ke6 30. Kf4 f6 31. Kg3 Kf7 32. Kf4 h6 33. h5 g6 34. hxg6+ Kxg6 35. Kg3 Kg5 36. a5 bxa5 37. bxa5 Bc4 38. Nd1 f5 39. gxf5 Kxf5 40. Ne3+ Kg5 41. f4+ Kg6 42. Kh4 h5 43. f5+ Kh6 44. Ng2 Bd3 45. f6 Bg6 46. Nf4 Bf7 47. Nd3 Kg6 48. Nc5 Kxf6 49. Nxa6 Be8 50. Nb8 Bb5 51. a6 Bxa6 52. Nxa6 Kf5 53. Nb4 Ke4 54. Nc6 Kd3 55. Kxh5 Kc4 56. Kg5 1-0

[Event "Budapest FS08 FM"]
[Site "Budapest"]
[Date "2001.??.??"]
[Round "8"]
[White "Balint, Laszlo"]
[Black "Feller, Joseph"]
[Result "0-1"]
[WhiteElo "2000"]
[BlackElo "2205"]
[PlyCount "112"]
[EventDate "2001.08.??"]
[EventType "tourn"]
[EventRounds "13"]
[EventCountry "HUN"]
[SourceTitle "EXT 2006"]
[Source "ChessBase"]
[SourceDate "2005.11.24"]
[SourceVersion "1"]
[SourceVersionDate "2005.11.24"]
[SourceQuality "1"]

1. Nf3 d5 2. c4 dxc4 3. e3 c5 4. Bxc4 e6 5. d4 a6 6. a4 Nc6 7. Nc3 cxd4 8. exd4 Nf6 9. 0-0 Be7 10. Re1 0-0 11. d5 exd5 12. Nxd5 Nxd5 13. Qxd5 Qxd5 14. Bxd5 Bf6 15. Bxc6 bxc6 16. Ne5 Be6 17. Nxc6 Rfc8 18. Ne5 Rc2 19. Nd3 a5 20. Bf4 Bf5 21. Ne5 Rxb2 22. h3 h6 23. g4 Be6 24. Ra3 Rab8 25. Nd3 R2b3 26. Rxb3 Rxb3 27. Nc5 Ra3 28. Nxe6 fxe6 29. Rxe6 Rxa4 30. Bc7 Ra2 31. Re3 a4 32. Bd6 Bb2 33. Be5 a3 34. Re2 Ra1+ 35. Kg2 Rb1 36. Bxb2 Rxb2 37. Re4 g5 38. Re6 Kg7 39. Ra6 a2 40. Kg3 Kf7 41. Kf3 Ke7 42. Ke3 Kd7 43. Kf3 Kc7 44. Kg2 Kb7 45. Ra4 Kc6 46. Ra5 Kb6 47. Ra3 Kc5 48. Ra4 Kb5 49. Ra8 Kc4 50. Kg3 Kb4 51. f4 Rb3+ 52. Kg2 Ra3 53. Rb8+ Kc5 54. Rc8+ Kd6 55. Rc1 a1Q 56. Rxa1 Rxa1 0-1